[Event "Niederoesterreich Landesliga 1819"]
[Site "Austria"]
[Date "2018.12.09"]
[Round "6.4"]
[White "Mlynek, Petr"]
[Black "Seidler, Dieter"]
[Result "1/2-1/2"]
[WhiteElo "2092"]
[BlackElo "1959"]
[PlyCount "60"]
[EventDate "2018.09.30"]
[EventType "team-tourn"]
[EventRounds "11"]
[EventCountry "AUT"]
[SourceTitle "CBM 189 Extra"]
[Source "ChessBase"]
[SourceDate "2019.06.03"]
[SourceVersion "1"]
[SourceVersionDate "2019.06.03"]
[SourceQuality "1"]
[WhiteTeam "Zwettl"]
[BlackTeam "Bisamberg/Korneuburg"]
[WhiteTeamCountry "AUT"]
[BlackTeamCountry "AUT"]

1. d4 e6 2. c4 d5 3. Nf3 Nf6 4. g3 Be7 5. Bg2 b6 6. cxd5 Nxd5 7. 0-0 0-0 8. e4 Nf6 9. Nc3 Bb7 10. Re1 c5 11. Bf4 cxd4 12. Nxd4 Na6 13. a3 Nc7 14. Rc1 Rc8 15. Qa4 a6 16. Red1 Qe8 17. Qxe8 Rfxe8 18. Na4 Nb5 19. Nxb5 Rxc1 20. Rxc1 axb5 21. Nxb6 Bxe4 22. Nc8 Bf8 23. Bf1 b4 24. Nd6 Ra8 25. Nxe4 Nxe4 26. Bg2 f5 27. Bxe4 fxe4 28. Rc4 bxa3 29. bxa3 Rxa3 30. Rxe4 Kf7 1/2-1/2

[Event "Niederoesterreich Landesliga 1718"]
[Site "Austria"]
[Date "2018.04.15"]
[Round "11.4"]
[White "Seidler, Dieter"]
[Black "Ernst, Michael"]
[Result "1-0"]
[WhiteElo "1936"]
[BlackElo "2135"]
[PlyCount "113"]
[EventDate "2017.10.01"]
[EventType "team-tourn"]
[EventRounds "11"]
[EventCountry "AUT"]
[SourceTitle "EXT 2021"]
[Source "ChessBase"]
[SourceDate "2020.10.23"]
[SourceVersion "1"]
[SourceVersionDate "2020.10.23"]
[SourceQuality "1"]
[WhiteTeam "Bisamberg/Korneuburg"]
[BlackTeam "Poechlarn"]
[WhiteTeamCountry "AUT"]
[BlackTeamCountry "AUT"]

1. d4 Nf6 2. c4 e6 3. Nf3 d5 4. e3 a6 5. Nc3 Be7 6. cxd5 Nxd5 7. Bd3 0-0 8. 0-0 c5 9. Nxd5 Qxd5 10. Qc2 h6 11. b3 cxd4 12. Nxd4 Nd7 13. Be4 Qc5 14. Bb2 Qxc2 15. Nxc2 Bf6 16. Bxf6 Nxf6 17. Bf3 Rb8 18. Rfd1 Bd7 19. Rac1 Rfc8 20. Nb4 Rxc1 21. Rxc1 Rc8 22. Rxc8+ Bxc8 23. Nd3 Nd7 24. g3 Kf8 25. Kf1 Ke7 26. Ke2 Kd6 27. Kd2 a5 28. a3 b6 29. Kc3 Ba6 30. Nb2 Ne5 31. Bd1 f6 32. b4 axb4+ 33. axb4 g5 34. f4 Nc6 35. Na4 Kc7 36. Bb3 Bb5 37. Nb2 Kd6 38. Bc4 Na7 39. Bxb5 Nxb5+ 40. Kd3 Na3 41. Na4 Kc6 42. Nc3 Kd6 43. h4 gxh4 44. gxh4 f5 45. e4 Kc6 46. exf5 exf5 47. Ne2 Nb5 48. Ng3 Nd6 49. Kd4 Kb5 50. Kd5 Nc4 51. Nxf5 Kxb4 52. Nxh6 b5 53. Nf5 Ka4 54. h5 b4 55. Kxc4 b3 56. Nd4 b2 57. Ne2 1-0

[Event "Niederoesterreich Landesliga 1718"]
[Site "Austria"]
[Date "2017.12.10"]
[Round "6.3"]
[White "Zwettler, Martin"]
[Black "Seidler, Dieter"]
[Result "1-0"]
[WhiteElo "2224"]
[BlackElo "1936"]
[PlyCount "53"]
[EventDate "2017.10.01"]
[EventType "team-tourn"]
[EventRounds "11"]
[EventCountry "AUT"]
[SourceTitle "EXT 2019"]
[Source "ChessBase"]
[SourceDate "2018.10.10"]
[SourceVersion "1"]
[SourceVersionDate "2018.10.10"]
[SourceQuality "1"]
[WhiteTeam "Zwettl"]
[BlackTeam "Bisamberg/Korneuburg"]
[WhiteTeamCountry "AUT"]
[BlackTeamCountry "AUT"]

1. c4 e6 2. Nf3 d5 3. g3 c6 4. Bg2 Nf6 5. 0-0 Bd6 6. d4 0-0 7. Nbd2 b6 8. Qc2 Bb7 9. e4 dxe4 10. Nxe4 Be7 11. Rd1 Nxe4 12. Qxe4 Nd7 13. Bf4 Nf6 14. Qc2 Rc8 15. Ne5 Qe8 16. a3 b5 17. b3 Nd7 18. a4 Nxe5 19. Bxe5 b4 20. a5 Ba6 21. Be4 f5 22. Bg2 Qd7 23. Qd2 c5 24. d5 Rcd8 25. Qe3 exd5 26. Rxd5 Qe8 27. Re1 1-0

[Event "Niederoesterreich Landesliga 1718"]
[Site "Austria"]
[Date "2017.10.15"]
[Round "2.3"]
[White "Morgunov, Daniel"]
[Black "Seidler, Dieter"]
[Result "1/2-1/2"]
[WhiteElo "2149"]
[BlackElo "1936"]
[PlyCount "97"]
[EventDate "2017.10.01"]
[EventType "team-tourn"]
[EventRounds "11"]
[EventCountry "AUT"]
[SourceTitle "EXT 2019"]
[Source "ChessBase"]
[SourceDate "2018.10.10"]
[SourceVersion "1"]
[SourceVersionDate "2018.10.10"]
[SourceQuality "1"]
[WhiteTeam "Kottingbrunn"]
[BlackTeam "Bisamberg/Korneuburg"]
[WhiteTeamCountry "AUT"]
[BlackTeamCountry "AUT"]

1. e4 e6 2. d3 d5 3. Qe2 Be7 4. Nf3 c5 5. g3 Nc6 6. Bg2 Nf6 7. 0-0 0-0 8. e5 Nd7 9. Bf4 b5 10. c4 bxc4 11. dxc4 Ba6 12. b3 Rb8 13. h4 Qb6 14. Nbd2 Nd4 15. Nxd4 cxd4 16. Qg4 Rfc8 17. Bxd5 exd5 18. Qxd7 Qe6 19. Qxe6 fxe6 20. Rab1 Ba3 21. Rfd1 dxc4 22. bxc4 Rb2 23. Rxb2 Bxb2 24. Rb1 Bc3 25. a3 h6 26. Kh2 Kh7 27. Kg1 Bxc4 28. Nxc4 Rxc4 29. Kg2 d3 30. Kf3 d2 31. Ke2 Re4+ 32. Be3 Rxe5 33. Kd3 Rd5+ 34. Kc2 a6 35. Rd1 Ba5 36. Bxd2 Kg6 37. Bxa5 Rxa5 38. Rd3 Rf5 39. f3 Ra5 40. Kd2 Kf6 41. Ke3 Ke5 42. h5 Kf6 43. g4 g6 44. hxg6 Kxg6 45. f4 Kf6 46. Kf3 h5 47. gxh5 Rxh5 48. Ke4 Ra5 49. Rc3 1/2-1/2

[Event "Niederoesterreich Landesliga 1617"]
[Site "Austria"]
[Date "2017.04.23"]
[Round "11.3"]
[White "Ebner, Johann"]
[Black "Seidler, Dieter"]
[Result "1/2-1/2"]
[WhiteElo "2064"]
[BlackElo "2017"]
[PlyCount "78"]
[EventDate "2016.10.02"]
[EventType "team-tourn"]
[EventRounds "11"]
[EventCountry "AUT"]
[SourceTitle "EXT 2018"]
[Source "ChessBase"]
[SourceDate "2017.10.13"]
[SourceVersion "1"]
[SourceVersionDate "2017.10.13"]
[SourceQuality "1"]
[WhiteTeam "Boehlerwerk"]
[BlackTeam "Bisamberg/Korneuburg"]
[WhiteTeamCountry "AUT"]
[BlackTeamCountry "AUT"]

1. d4 e6 2. c4 d5 3. Nc3 Nf6 4. Bf4 c6 5. e3 Bd6 6. Bxd6 Qxd6 7. c5 Qe7 8. f4 b6 9. b4 Ba6 10. Bxa6 Nxa6 11. Qa4 Qb7 12. Nf3 0-0 13. 0-0 b5 14. Qa5 Nd7 15. Ne5 Rfd8 16. Nxd7 Rxd7 17. a4 bxa4 18. Rxa4 Nc7 19. Rb1 a6 20. Ra2 f6 21. Na4 Re7 22. Qb6 Rb8 23. Rf1 e5 24. fxe5 fxe5 25. Raf2 Ne6 26. dxe5 Qc8 27. Qa5 Rb5 28. Nb6 Qb8 29. Qxa6 Ra7 30. Qc8+ Qxc8 31. Nxc8 Rc7 32. Nd6 Rxb4 33. Ra2 h6 34. Ra8+ Kh7 35. Re8 Nxc5 36. e6 Ne4 37. Nxe4 Rxe4 38. Rf7 Rxe6 39. Rxe6 Rxf7 1/2-1/2

[Event "Niederoesterreich Landesliga 1617"]
[Site "Austria"]
[Date "2017.03.12"]
[Round "9.3"]
[White "Vrana, Frantisek"]
[Black "Seidler, Dieter"]
[Result "1-0"]
[WhiteElo "2200"]
[BlackElo "2017"]
[PlyCount "61"]
[EventDate "2016.10.02"]
[EventType "team-tourn"]
[EventRounds "11"]
[EventCountry "AUT"]
[SourceTitle "EXT 2018"]
[Source "ChessBase"]
[SourceDate "2017.10.13"]
[SourceVersion "1"]
[SourceVersionDate "2017.10.13"]
[SourceQuality "1"]
[WhiteTeam "Mistelbach"]
[BlackTeam "Bisamberg/Korneuburg"]
[WhiteTeamCountry "AUT"]
[BlackTeamCountry "AUT"]

1. e4 e6 2. d4 d5 3. e5 c5 4. c3 Nc6 5. Nf3 Nge7 6. Bd3 Ng6 7. h4 c4 8. Bc2 Be7 9. b3 b5 10. a4 b4 11. h5 Nf8 12. bxc4 dxc4 13. Nbd2 Ba6 14. h6 g6 15. Ne4 b3 16. Bb1 Nd7 17. Bg5 Bxg5 18. Nfxg5 0-0 19. Qf3 Ne7 20. Nxh7 Kxh7 21. Ng5+ Kh8 22. Nxf7+ Rxf7 23. Qxf7 Qf8 24. Qxe6 Nb6 25. Be4 Rd8 26. a5 Bc8 27. Qf6+ Qxf6 28. exf6 Ned5 29. axb6 b2 30. Rb1 Nxc3 31. bxa7 1-0

[Event "Niederoesterreich Landesliga 1617"]
[Site "Austria"]
[Date "2016.12.11"]
[Round "4.4"]
[White "Vykydal, Frantisek"]
[Black "Seidler, Dieter"]
[Result "1/2-1/2"]
[WhiteElo "2128"]
[BlackElo "2017"]
[PlyCount "120"]
[EventDate "2016.10.02"]
[EventType "team-tourn"]
[EventRounds "11"]
[EventCountry "AUT"]
[SourceTitle "EXT 2018"]
[Source "ChessBase"]
[SourceDate "2017.10.13"]
[SourceVersion "1"]
[SourceVersionDate "2017.10.13"]
[SourceQuality "1"]
[WhiteTeam "Zwettl"]
[BlackTeam "Bisamberg/Korneuburg"]
[WhiteTeamCountry "AUT"]
[BlackTeamCountry "AUT"]

1. e4 e6 2. Nc3 d5 3. d3 c5 4. Nf3 Nc6 5. Be2 Nf6 6. Bg5 Be7 7. 0-0 d4 8. Nb1 0-0 9. a4 b6 10. Na3 Bb7 11. Nd2 e5 12. Nac4 Nd7 13. Bxe7 Qxe7 14. Bg4 Nf6 15. f4 exf4 16. Rxf4 Nxg4 17. Qxg4 Bc8 18. Qg3 Be6 19. Re1 Rad8 20. Rf2 Bxc4 21. Nxc4 f6 22. Rf5 Qe6 23. Ref1 Ne7 24. R5f4 Ng6 25. Rg4 f5 26. exf5 Rxf5 27. Re1 Qf6 28. Nd2 Qf7 29. b3 Re8 30. Ne4 Rf8 31. h3 Rf1+ 32. Kh2 Rxe1 33. Qxe1 Ne5 34. Rg5 Qf4+ 35. Qg3 Qxg3+ 36. Kxg3 Nc6 37. Rd5 Nb4 38. Rd7 Nxc2 39. Rxa7 Rb8 40. Kf2 Nb4 41. Ke2 Nc6 42. Rd7 Kf8 43. Kd2 Na5 44. Kc2 Rb7 45. Rd6 Ke7 46. Rd5 Ke6 47. Rg5 Nc6 48. Kd2 Rf7 49. Ke2 g6 50. Rg3 Kd7 51. h4 Na5 52. Nd2 Rf5 53. Rh3 Ke6 54. g4 Rf4 55. Rg3 h6 56. Rg1 Kd5 57. Rg2 Kc6 58. h5 g5 59. Kd1 Kd5 60. Nc4 Nxc4 1/2-1/2

[Event "Vienna Husek op-B"]
[Site "Vienna"]
[Date "2012.08.17"]
[Round "5"]
[White "Seidler, Dieter"]
[Black "Ivanyuk, Irina"]
[Result "1-0"]
[WhiteElo "1910"]
[BlackElo "1741"]
[PlyCount "97"]
[EventDate "2012.08.13"]
[EventType "swiss"]
[EventRounds "7"]
[EventCountry "AUT"]
[SourceTitle "EXT 2014"]
[Source "ChessBase"]
[SourceDate "2013.11.20"]
[SourceVersion "1"]
[SourceVersionDate "2013.11.20"]
[SourceQuality "1"]

1. d4 e6 2. c4 d5 3. Nf3 Nf6 4. e3 Bb4+ 5. Bd2 Bxd2+ 6. Nbxd2 0-0 7. Rc1 Nc6 8. Bd3 Re8 9. 0-0 e5 10. dxe5 Nxe5 11. Nxe5 Rxe5 12. Qc2 dxc4 13. Bxc4 Be6 14. Rfd1 Bxc4 15. Nxc4 Rd5 16. Rxd5 Qxd5 17. Rd1 Qc5 18. Qd3 h6 19. h3 c6 20. Qb3 b5 21. Nd6 Nd5 22. Nf5 a5 23. e4 Nf4 24. Qf3 Ne6 25. Qg3 Kh7 26. Rd6 Qc1+ 27. Kh2 Qf4 28. Qxf4 Nxf4 29. Rxc6 Nd3 30. Rc2 Nb4 31. Rd2 Nxa2 32. Nd6 Rd8 33. e5 g5 34. Rd5 Nb4 35. Rxb5 f6 36. Rb7+ Kg6 37. Nc4 fxe5 38. Nxe5+ Kf5 39. Nc4 Nd3 40. Nxa5 Ra8 41. Nc4 Ke4 42. Kg3 Kd4 43. Nd6 Kd5 44. Nf7 Ra2 45. Nxh6 Nxb2 46. Rb5+ Ke6 47. Rxg5 Kf6 48. Rb5 Nd3 49. Ng4+ 1-0

[Event "Vienna Husek op-B"]
[Site "Vienna"]
[Date "2012.08.16"]
[Round "4"]
[White "Muik, Josef Jr"]
[Black "Seidler, Dieter"]
[Result "1-0"]
[WhiteElo "1844"]
[BlackElo "1910"]
[PlyCount "79"]
[EventDate "2012.08.13"]
[EventType "swiss"]
[EventRounds "7"]
[EventCountry "AUT"]
[SourceTitle "EXT 2014"]
[Source "ChessBase"]
[SourceDate "2013.11.20"]
[SourceVersion "1"]
[SourceVersionDate "2013.11.20"]
[SourceQuality "1"]

1. e4 e6 2. d4 d5 3. Nc3 Bb4 4. e5 c5 5. a3 Bxc3+ 6. bxc3 Qc7 7. Qg4 f5 8. Qg3 Nc6 9. Ne2 b6 10. Bd2 cxd4 11. Nxd4 Qxe5+ 12. Be2 Qxg3 13. hxg3 Nxd4 14. cxd4 Bd7 15. Bh5+ g6 16. Bxg6+ Ke7 17. Bb4+ Kf6 18. Bh5 Ne7 19. Be2 Rac8 20. Bd6 Ng6 21. Rh6 Kg7 22. Rh1 Rxc2 23. Bd3 Rc6 24. Bb4 Rhc8 25. Bd2 R6c7 26. Ke2 Ba4 27. Ba6 Rf8 28. Bh6+ Kg8 29. Bxf8 Rc2+ 30. Kd3 Nxf8 31. Bb5 Bb3 32. Rab1 Rxf2 33. Rxb3 Rxg2 34. Rh3 e5 35. Bc6 e4+ 36. Ke3 Kg7 37. Bxd5 Kg6 38. Rc3 Nd7 39. Rc6+ Kg5 40. Rc7 1-0

[Event "Vienna Husek op-B"]
[Site "Vienna"]
[Date "2012.08.14"]
[Round "2"]
[White "Schestak, Herbert"]
[Black "Seidler, Dieter"]
[Result "0-1"]
[WhiteElo "1767"]
[BlackElo "1910"]
[PlyCount "58"]
[EventDate "2012.08.13"]
[EventType "swiss"]
[EventRounds "7"]
[EventCountry "AUT"]
[SourceTitle "EXT 2014"]
[Source "ChessBase"]
[SourceDate "2013.11.20"]
[SourceVersion "1"]
[SourceVersionDate "2013.11.20"]
[SourceQuality "1"]

1. d4 e6 2. Nf3 Nf6 3. c4 d5 4. e3 Be7 5. Nc3 0-0 6. Bd3 b6 7. 0-0 Bb7 8. Qe2 Nbd7 9. b3 c5 10. Bb2 cxd4 11. exd4 h6 12. Rac1 Re8 13. Rfe1 Rc8 14. Ne5 dxc4 15. Bxc4 Bb4 16. Bb5 Re7 17. a3 Bxc3 18. Bxc3 Nxe5 19. Qxe5 Rec7 20. Bd2 Rc2 21. Be3 Ng4 22. Qf4 Nxe3 23. Qxe3 Qd5 24. Bf1 Rxc1 25. Rxc1 Rxc1 26. Qxc1 Qxb3 27. Bc4 Qa4 28. f3 Bd5 29. Bxd5 Qxd4+ 0-1

[Event "Stockerau op-A"]
[Site "Stockerau"]
[Date "2006.05.25"]
[Round "1"]
[White "Seidler, Dieter"]
[Black "Hangweyrer, Manfred"]
[Result "0-1"]
[WhiteElo "1990"]
[BlackElo "2356"]
[PlyCount "100"]
[EventDate "2006.05.25"]
[EventType "swiss"]
[EventRounds "5"]
[EventCountry "AUT"]
[SourceTitle "CBM 112 Extra"]
[Source "ChessBase"]
[SourceDate "2006.07.14"]
[SourceVersion "1"]
[SourceVersionDate "2006.07.14"]
[SourceQuality "1"]

1. d4 Nf6 2. c4 g6 3. Nc3 Bg7 4. e4 d6 5. f3 0-0 6. Be3 Nbd7 7. Qd2 c5 8. d5 a6 9. Bh6 Qa5 10. Bxg7 Kxg7 11. Nh3 Rb8 12. a4 Qb4 13. Nb1 Re8 14. Be2 Ne5 15. Qxb4 cxb4 16. Nf2 e6 17. a5 Nh5 18. Nd2 exd5 19. cxd5 Nf4 20. Bf1 Nxd5 21. Nd3 Nxd3+ 22. Bxd3 Nf4 23. Bf1 d5 24. Kf2 dxe4 25. Nxe4 f5 26. Nc5 Ne6 27. Rc1 Rd8 28. Nb3 Bd7 29. Bc4 Kf6 30. Rhd1 Rbc8 31. Bd5 Rxc1 32. Rxc1 Nf4 33. Bc4 Bc6 34. Bxa6 Nd3+ 35. Bxd3 Rxd3 36. Nc5 Rd2+ 37. Kg3 g5 38. a6 bxa6 39. Nxa6 f4+ 40. Kh3 Bd7+ 41. g4 Rf2 42. Nxb4 Rxf3+ 43. Kg2 Rb3 44. Nd5+ Ke5 45. Nc3 Rxb2+ 46. Kg1 Bxg4 47. Re1+ Kf5 48. Ne4 Bf3 49. Nf2 g4 50. Ra1 g3 0-1

[Event "Niederoesterreich Landesliga 0506"]
[Site "Austria"]
[Date "2005.11.27"]
[Round "6"]
[White "Seidler, Dieter"]
[Black "Steiner, Adam"]
[Result "1/2-1/2"]
[WhiteElo "1983"]
[BlackElo "2131"]
[PlyCount "93"]
[EventDate "2005.09.18"]
[EventType "team-tourn"]
[EventRounds "13"]
[EventCountry "AUT"]
[SourceTitle "EXT 2022"]
[Source "ChessBase"]
[SourceDate "2021.10.06"]
[SourceVersion "1"]
[SourceVersionDate "2021.10.06"]
[SourceQuality "1"]

1. d4 Nf6 2. c4 e5 3. dxe5 Ng4 4. Nf3 Bc5 5. e3 Nc6 6. Be2 0-0 7. a3 a5 8. Nd4 Ngxe5 9. Nxc6 bxc6 10. Nd2 d5 11. Nb3 Be7 12. cxd5 cxd5 13. Bd2 a4 14. Nd4 Ba6 15. Bc3 Bxe2 16. Nxe2 Nc4 17. Nf4 c6 18. Nh5 f6 19. Nf4 Qd7 20. Qd4 Bd6 21. Nd3 Rfe8 22. 0-0 Qc7 23. Qh4 Re4 24. Qh3 Rae8 25. Rfe1 Qa7 26. Qh5 Qe7 27. Bb4 Bxb4 28. axb4 Ra8 29. b3 Ne5 30. Red1 Nxd3 31. Rxd3 Rxb4 32. Rxd5 g6 33. Qd1 Rb7 34. Rd6 Rxb3 35. Rxc6 Rd8 36. Qc1 Rbd3 37. Qc4+ Kg7 38. g3 a3 39. Rc7 R8d7 40. Rxd7 Qxd7 41. Qb4 Rd1+ 42. Rxd1 Qxd1+ 43. Kg2 a2 44. Qe7+ Kh6 45. Qf8+ Kg5 46. Qc5+ Kh6 47. Qf8+ 1/2-1/2